Welfare & social policy in Australia : the distribution of advantage /

Saved in:
Bibliographic Details
Other Authors: Wearing, Michael, 1961-, Berreen, Rosemary, 1941-
Format: Book
Language:English
Published: Sydney ; Fort Worth : Harcourt Brace, c1994.
Subjects:
Tags: Add Tag
No Tags, Be the first to tag this record!
LEADER 00943aam a2200289 a 4500
001 005457930-9
005 20020606163548.3
008 941207s1994 at b 001 0 eng
010 |a  94235842  
020 |a 0729513157 
035 0 |a ocm33101826 
040 |a DLC  |c DLC 
043 |a u-at--- 
050 0 0 |a HV473  |b .W35 1994 
245 0 0 |a Welfare & social policy in Australia :  |b the distribution of advantage /  |c edited by Michael Wearing, Rosemary Berreen. 
246 3 |a Welfare and social policy in Australia 
260 |a Sydney ;  |a Fort Worth :  |b Harcourt Brace,  |c c1994. 
300 |a xxi, 262 p. ;  |c 25 cm. 
504 |a Includes bibliographical references and index. 
650 0 |a Public welfare  |z Australia. 
650 0 |a Human services  |z Australia. 
650 0 |a Welfare economics. 
651 0 |a Australia  |x Social policy. 
700 1 |a Wearing, Michael,  |d 1961- 
700 1 |a Berreen, Rosemary,  |d 1941- 
988 |a 20020608 
906 |0 DLC